Movies Quiz

Random Movies or Clickable Quiz

Movies Missing Body Parts Quiz Stats

 Plays Quiz Updated May 7, 2013

Challenge
Share
Tweet
Embed
Score 0/35 Timer 05:00
5 Plays Today
% Correct
Lips
93%
Heels
92.9%
Temple
92.6%
Tooth
92.3%
Legs
91.9%
Leg
91.8%
Chest
91.6%
Eyes
90.9%
Skull
90.1%
Feet
88.6%
Ear
88%
Back
87.3%
Skeleton
86.6%
Face
85.8%
Hand
84.8%
Head
84.8%
Eye
84.6%
Brain
83.7%
% Correct
Jaws
82.6%
Foot
79.5%
Arms
79.3%
Thumb
78.5%
Fingers
78.5%
Hands
73.7%
Palm
71%
Rib
68.6%
Ears
68.4%
Faces
57.1%
Hearts
56.4%
Heart
54.3%
Pupil
53.6%
Heads
53.5%
Breast
52.6%
Arm
46.9%
Brains
43.4%

You're not logged in!

Compare scores with friends on all Sporcle quizzes.
Join for Free
OR
Log In

You Might Also Like...

Show Comments

Extras

Top Quizzes Today


Score Distribution

Your Account Isn't Verified!

In order to create a playlist on Sporcle, you need to verify the email address you used during registration. Go to your Sporcle Settings to finish the process.

Report this User

Report this user for behavior that violates our Community Guidelines.

Details: